000 00377nam a2200145Ia 4500
005 20251222141804.0
008 251222s9999||||xx |||||||||||||| ||spa||
020 _a970-10-6104-7
082 _a658.3/C548/2007
100 _aChiavenato, Idalberto
245 0 _aAdministración de Recursos Humanos:
250 _a8a.ed.
264 _b McGRAW-HILL INTERAMERICANA
942 _cLIB
999 _c6243
_d6243